<?xml version="1.0" encoding="UTF-8"?>
<record
    xmlns:xsi="http://www.w3.org/2001/XMLSchema-instance"
    xsi:schemaLocation="http://www.loc.gov/MARC21/slim http://www.loc.gov/standards/marcxml/schema/MARC21slim.xsd"
    xmlns="http://www.loc.gov/MARC21/slim">

  <leader>02982nam a2200229Ia 4500</leader>
  <controlfield tag="008">120720s1999    mx            000 0 spa d</controlfield>
  <datafield tag="020" ind1=" " ind2=" ">
    <subfield code="a">9706134174 (colecci&#xF3;n)</subfield>
  </datafield>
  <datafield tag="020" ind1=" " ind2=" ">
    <subfield code="a">9706133550</subfield>
  </datafield>
  <datafield tag="050" ind1=" " ind2=" ">
    <subfield code="a">JC179</subfield>
    <subfield code="b">M65 1999</subfield>
  </datafield>
  <datafield tag="100" ind1="1" ind2=" ">
    <subfield code="a">Montesquieu</subfield>
    <subfield code="e">autor</subfield>
  </datafield>
  <datafield tag="245" ind1="1" ind2="3">
    <subfield code="a">El esp&#xED;ritu de las Leyes</subfield>
    <subfield code="c"> / Montesquieu</subfield>
  </datafield>
  <datafield tag="260" ind1=" " ind2=" ">
    <subfield code="a">M&#xE9;xico</subfield>
    <subfield code="b"> : Oxford University Press</subfield>
    <subfield code="c">, 1999</subfield>
  </datafield>
  <datafield tag="300" ind1=" " ind2=" ">
    <subfield code="a">464 p&#xE1;ginas</subfield>
  </datafield>
  <datafield tag="336" ind1=" " ind2=" ">
    <subfield code="a">texto</subfield>
  </datafield>
  <datafield tag="337" ind1=" " ind2=" ">
    <subfield code="a">sin medio</subfield>
  </datafield>
  <datafield tag="338" ind1=" " ind2=" ">
    <subfield code="a">volumen</subfield>
  </datafield>
  <datafield tag="505" ind1=" " ind2=" ">
    <subfield code="a">De las leyes en general
De las leyes que se derivan directamente de la naturaleza del gobierno
De los principios de los tres gobiernos
Las leyes de la educaci&#xF3;n deben ser relativas a los principios de gobierno
Las leyes que da el legislador deben ser relativas al principio de gobierno
Consecuencias de los principios de los gobiernos respecto a la simplicidad de las leyes civiles y criminales, forma de los juicios y establecimiento de las penas
Consecuencias de los diferentes principios de los tres gobiernos con relaci&#xF3;n a las leyes sanitarias, al lujo y a la condici&#xF3;n de las mujeres
De la corrupci&#xF3;n de los principios en los tres gobiernos
De las leyes en sus relaciones con la fuerza defenciva
De las leyes en sus relaciones con la fuerza ofensiva
De las leyes que forman la libertad pol&#xED;tica en sus relaciones con la constituci&#xF3;n
De las leyes que forman la libertad pol&#xED;tica en su relaci&#xF3;n con el ciudadano
De las relaciones que la imposici&#xF3;n de los tributos y la importancia de los rendimientos tienen con la libertad
De las leyes con relaci&#xF3;n al clima
Como las leyes de la esclavitud civil tienen relaci&#xF3;n con la naturaleza del clima
Las leyes de la esclavitud dom&#xE9;stica tienen relaci&#xF3;n con la naturaleza del clima
Las leyes de la servidumbre pol&#xED;tica tienen relaci&#xF3;n con la naturaleza del clima
De las leyes con relaci&#xF3;n a la naturaleza del terreno
De las leyes con relaci&#xF3;n a los principios que forman el esp&#xED;ritu general, las costumbres y las maneras de una naci&#xF3;n
De las leyes con relaci&#xF3;n al comercio considerado en su naturaleza y sus distinciones
De las leyes con relaci&#xF3;n al comercio considerado en sus revoluciones
De las leyes con relaci&#xF3;n al uso de la moneda
De las leyes con relaci&#xF3;n al n&#xFA;mero de habitantes
De las leyes con relaci&#xF3;n a la religi&#xF3;n establecida en cada pa&#xED;s, considerada en sus pr&#xE1;cticas y en s&#xED; misma
De las leyes con relaci&#xF3;n a la religi&#xF3;n de cada pa&#xED;s y su pol&#xED;tica exterior
De las leyes, en la relaci&#xF3;n que deben tener con el orden
Del origen de las revoluciones de las leyes romanas acerca de las sucesiones
Del origen y de las revoluciones de las leyes civiles francesas
Del modo de componer las leyes
Teor&#xED;a de las leyes feudales entre los francos con relaci&#xF3;n al establecimiento de la monarqu&#xED;a
Teor&#xED;a de las leyes feudales entre los francos con relaci&#xF3;n a las revoluciones de su monarqu&#xED;a</subfield>
  </datafield>
  <datafield tag="519" ind1=" " ind2=" ">
    <subfield code="a">Material complementario / </subfield>
    <subfield code="d">(03 000147)</subfield>
  </datafield>
  <datafield tag="650" ind1="1" ind2="4">
    <subfield code="a">ESTADO</subfield>
  </datafield>
  <datafield tag="650" ind1="2" ind2="4">
    <subfield code="a">JURISPRUDENCIA</subfield>
  </datafield>
  <datafield tag="942" ind1=" " ind2=" ">
    <subfield code="c">LB</subfield>
  </datafield>
  <datafield tag="952" ind1=" " ind2=" ">
    <subfield code="0">0</subfield>
    <subfield code="1">0</subfield>
    <subfield code="2">lcc</subfield>
    <subfield code="3">v.5</subfield>
    <subfield code="4">0</subfield>
    <subfield code="7">0</subfield>
    <subfield code="a">03</subfield>
    <subfield code="b">03</subfield>
    <subfield code="d">2001-05-15</subfield>
    <subfield code="l">1</subfield>
    <subfield code="o">JC179 M65 1999</subfield>
    <subfield code="p">03 000147</subfield>
    <subfield code="r">2017-11-29</subfield>
    <subfield code="s">2017-11-29</subfield>
    <subfield code="t">1</subfield>
    <subfield code="w">2012-07-20</subfield>
    <subfield code="y">LB</subfield>
  </datafield>
  <datafield tag="999" ind1=" " ind2=" ">
    <subfield code="c">78529</subfield>
    <subfield code="d">78529</subfield>
  </datafield>
</record>
